00502 2200193 4500001002100000005001500021035002000036007000300056008004100059020002100100082000800121084001400129100002000143245003500163250001100198260004200209300004700251650001000298INLIS00000000000038720221031095332 a0010-1022000129ta221031 b 0 ind  a97-623-216-673-8 a505 a505 SAB k0 aSabine Boccador1 aKenapa, ya? /cSabine Boccador aCet. I aJakarta :bBhuana Ilmu Populer,c2016 a108 halaman :bilustrasi berwarna ;c24 cm 4aSains